Cestovný ruch ako interdisciplinárny jav a jeho výskum

Závery a odporúčania z vedeckej konferencie s názvom Cestovný ruch ako interdisciplinárny jav a jeho výskum, ktorá sa konala 11.5.2006 na Ekonomickej fakulte Univerzity Mateja Bela v Banskej Bystrici. Štúdium cestovného ruchu na univerzitách - možnosti a charakteristika. Spolupráca v rámci Európskej...

ver descrição completa

Na minha lista:
Detalhes bibliográficos
Autor principal: Gúčik, Marián
Formato: Capítulo de Livro
Idioma:eslovaco
Assuntos:
Tags: Adicionar Tag
Sem tags, seja o primeiro a adicionar uma tag!

MARC

LEADER 00000naa$a2200000$$$4500
001 0044399
005 20231016072457.9
041 0 |a slo 
044 |a SK 
245 1 0 |a Cestovný ruch ako interdisciplinárny jav a jeho výskum  |c Marián Gúčik 
520 |a Závery a odporúčania z vedeckej konferencie s názvom Cestovný ruch ako interdisciplinárny jav a jeho výskum, ktorá sa konala 11.5.2006 na Ekonomickej fakulte Univerzity Mateja Bela v Banskej Bystrici. Štúdium cestovného ruchu na univerzitách - možnosti a charakteristika. Spolupráca v rámci Európskej únie - európsky systém transferu kreditov ECTS a mobilita študentov. Vedecký výskum cestovného ruchu a jeho financovanie. Tendencia unifikácie terminológie cestovného ruchu. Využitie záverov a odporúčaní z vedeckej konferencie. 
610 2 0 |a ruch cestovný 
610 2 0 |a vzdelávanie 
610 2 0 |a školstvo 
610 2 0 |a univerzity 
610 2 0 |a štúdium kreditné 
610 2 0 |a učitelia 
610 2 0 |a študenti 
610 2 0 |a veda 
610 2 0 |a výskum 
610 2 0 |a financie 
610 2 0 |a spolupráca medzinárodná 
610 2 0 |a konferencie 
100 1 |a Gúčik, Marián